| 000 | 00403nam a22001697a 4500 | ||
|---|---|---|---|
| 003 | OSt | ||
| 008 | 241022b |||||||| |||| 00| 0 eng d | ||
| 020 | _a9781844485086 | ||
| 082 | _a743 CID | ||
| 100 | _aCIVARDI, Giovanni | ||
| 245 | _aDrawing: A Complete Guide | ||
| 250 | _aReprint | ||
| 260 |
_aGreat Britain, _bSearch Press, _c2022, |
||
| 300 | _a440 p. | ||
| 650 | _aB.FAD. | ||
| 942 |
_2ddc _cREF |
||
| 999 |
_c12931 _d12931 |
||